Niektoré činitele brzdiace rozvoj malého a stredného podnikania v Slovenskej republike

Vybrané činitele brzdiace rozvoj malého a stredného podnikania v Slovenskej republike. Návrhy na zlepšenie súčasnej situácie.

Salvato in:
Dettagli Bibliografici
Autore principale: Šúbertová, Elena
Natura: Capitolo di libro
Lingua:slovacco
Soggetti:
Tags: Aggiungi Tag
Nessun Tag, puoi essere il primo ad aggiungerne!!

MARC

LEADER 00000naa$a2200000$$$4500
001 0094504
005 20240502072042.4
041 0 |a slo 
044 |a SK 
245 1 0 |a Niektoré činitele brzdiace rozvoj malého a stredného podnikania v Slovenskej republike  |c Elena Šúbertová 
520 |a Vybrané činitele brzdiace rozvoj malého a stredného podnikania v Slovenskej republike. Návrhy na zlepšenie súčasnej situácie. 
610 2 0 |a podnikanie malé 
610 2 0 |a podnikanie stredné 
610 2 0 |a prostredie podnikateľské 
610 2 0 |a odvody 
610 2 0 |a zaťaženie daňové 
610 2 0 |a dane nepriame 
610 2 0 |a Slovensko 
100 1 |a Šúbertová, Elena